00373pab a2200133 454500008004000000100002400040245005700064260000900121300001300130362001000143650004300153650002800196773001500224180718b2009 xxu||||| |||| 00| 0 eng d aBhatia, Vijay Kumar aIndia-Kazakhstan relations: challenges and prospects c2009 ap.19-21. a5 Sep aIndia - Foreign relations - Kazakhstan aInternational relations aMainstream